[Event "Leiden SB-ch"]
[Site "Leiden"]
[Date "2011.06.21"]
[Round "6"]
[White "Hordijk, Frank"]
[Black "Zwetsloot, Piet"]
[Result "1-0"]
[WhiteElo "1597"]
[BlackElo "1806"]
[PlyCount "43"]
[EventDate "2011.05.17"]
[EventType "swiss"]
[EventRounds "7"]
[EventCountry "NED"]
[SourceTitle "EXT 2012"]
[Source "ChessBase"]
[SourceDate "2011.11.24"]
[SourceVersion "1"]
[SourceVersionDate "2011.11.24"]
[SourceQuality "1"]

1. d4 Nf6 2. Nf3 g6 3. Nc3 Bg7 4. e4 d6 5. Be3 c6 6. Qd2 Bg4 7. Ng5 h6 8. Nf3 b5 9. Bd3 a6 10. Ne2 Bxf3 11. gxf3 e5 12. a4 Nbd7 13. axb5 axb5 14. Rxa8 Qxa8 15. 0-0 exd4 16. Nxd4 Ne5 17. Be2 Ke7 18. Nb3 Nc4 19. Bxc4 bxc4 20. Ra1 Qc8 21. Ra7+ Ke8 22. Qxd6 1-0

[Event "Leiden SB-ch"]
[Site "Leiden"]
[Date "2011.06.01"]
[Round "3"]
[White "Zwetsloot, Piet"]
[Black "Kettenis, John"]
[Result "1-0"]
[WhiteElo "1806"]
[BlackElo "1494"]
[PlyCount "47"]
[EventDate "2011.05.17"]
[EventType "swiss"]
[EventRounds "7"]
[EventCountry "NED"]
[SourceTitle "EXT 2012"]
[Source "ChessBase"]
[SourceDate "2011.11.24"]
[SourceVersion "1"]
[SourceVersionDate "2011.11.24"]
[SourceQuality "1"]

1. c4 e6 2. Nf3 Nf6 3. g3 d5 4. Bg2 b6 5. 0-0 Bb7 6. d4 c5 7. cxd5 Bxd5 8. Nc3 Bb7 9. Bg5 Be7 10. dxc5 Qxd1 11. Rfxd1 Bxc5 12. Nb5 Na6 13. a3 0-0 14. Bxf6 gxf6 15. b4 Be7 16. Rd7 Bc6 17. Rxe7 Bxb5 18. Nd4 Rae8 19. Rxa7 Bc4 20. Rc1 e5 21. Nf5 Bxe2 22. Be4 Rc8 23. Rxc8 Rxc8 24. Ne7+ 1-0

[Event "Leiden SB-ch"]
[Site "Leiden"]
[Date "2011.05.24"]
[Round "2"]
[White "Kuiper, Machiel"]
[Black "Zwetsloot, Piet"]
[Result "1/2-1/2"]
[WhiteElo "1263"]
[BlackElo "1806"]
[PlyCount "84"]
[EventDate "2011.05.17"]
[EventType "swiss"]
[EventRounds "7"]
[EventCountry "NED"]
[SourceTitle "EXT 2012"]
[Source "ChessBase"]
[SourceDate "2011.11.24"]
[SourceVersion "1"]
[SourceVersionDate "2011.11.24"]
[SourceQuality "1"]

1. d4 Nf6 2. c4 g6 3. Nc3 Bg7 4. e3 0-0 5. Bd3 c5 6. Nf3 cxd4 7. exd4 d5 8. Be3 Nc6 9. a3 dxc4 10. Bxc4 Bg4 11. d5 Ne5 12. Be2 Bxf3 13. Bxf3 Qd7 14. Qe2 Rfd8 15. Rd1 b6 16. 0-0 Rac8 17. Rc1 Nxf3+ 18. Qxf3 Ne8 19. Rfd1 Nd6 20. Bd4 Bf8 21. b3 Nf5 22. Be3 Nxe3 23. fxe3 Bg7 24. e4 Rc5 25. Rf1 Qe8 26. Ne2 Rdc8 27. a4 h5 28. Rxc5 Rxc5 29. Rc1 Rxc1+ 30. Nxc1 Qc8 31. Qd1 Bh6 32. Ne2 Qg4 33. Qd3 Qd7 34. Nd4 Bg7 35. Nc6 e6 36. h3 exd5 37. exd5 a5 38. Qe4 Bf6 39. Kf1 Kg7 40. Ke2 Qd6 41. Kf3 Qc5 42. Qd3 Qd6 1/2-1/2